Ад үзэгдэх зориг: (Record no. 25304)

MARC details
000 -LEADER
fixed length control field 01107nam a22002657a 4500
003 - CONTROL NUMBER IDENTIFIER
control field OSt
005 - DATE AND TIME OF LATEST TRANSACTION
control field 20260213062349.0
008 - FIXED-LENGTH DATA ELEMENTS--GENERAL INFORMATION
fixed length control field 220503b mp ||||| |||| 00| 0 mon d
020 ## - INTERNATIONAL STANDARD BOOK NUMBER
International Standard Book Number 9919957216
Qualifying information (зөөлөн хавтастай)
040 ## - CATALOGING SOURCE
Original cataloging agency MN-MNUMS
Language of cataloging MON
Transcribing agency MN-MNUMS
Modifying agency MN-MNUMS
Description conventions rda
082 ## - DEWEY DECIMAL CLASSIFICATION NUMBER
Classification number 155.1
Item number И 56
Edition number 21
100 ## - MAIN ENTRY--PERSONAL NAME
Personal name Кишими Ичиро
9 (RLIN) 53820
Relator term зохиогч
245 ## - TITLE STATEMENT
Title Ад үзэгдэх зориг:
Statement of responsibility, etc. /Япон хэлнээс орчуулсан: ТОМё БОДё; Редактор: Д. Түмэн-Өлзий; Б. Болор-Эрдэнэ
264 ## - PRODUCTION, PUBLICATION, DISTRIBUTION, MANUFACTURE, AND COPYRIGHT NOTICE
Place of production, publication, distribution, manufacture Улаанбаатар:
Name of producer, publisher, distributor, manufacturer Мөнхийн үсэг
300 ## - PHYSICAL DESCRIPTION
Extent 219хуудастай.
546 ## - LANGUAGE NOTE
Хэл Монгол
Information code or alphabet (кирилл)
650 #4 - SUBJECT ADDED ENTRY--TOPICAL TERM
Topical term or geographic name entry element философи
Topical term or geographic name entry element залуу
9 (RLIN) 69165
Topical term or geographic name entry element ад үзэгдэх зориг
9 (RLIN) 69166
700 ## - ADDED ENTRY--PERSONAL NAME
Personal name Кога Фүмитакэ
9 (RLIN) 53822
Relator term зохиогч
Personal name ТОМё БОДё
Relator term орчуулсан
9 (RLIN) 69167
Personal name Түмэн-Өлзий Д
9 (RLIN) 53823
Relator term редактор
Personal name Болор- эрдэнэ Б
9 (RLIN) 21696
Relator term редактор
942 ## - ADDED ENTRY ELEMENTS (KOHA)
Source of classification or shelving scheme Dewey Decimal Classification
Koha item type Ном
Holdings
Date last seen Inventory number Total Checkouts Full call number Barcode Checked out Date last checked out Price effective from Koha item type Lost status Source of classification or shelving scheme Damaged status Not for loan Withdrawn status Home library Current library Shelving location Date acquired Cost, normal purchase price Public note
04/13/2026 6058 18 150 DG-UZ06058 04/23/2026 04/13/2026 05/03/2022 Уран зохиол   Dewey Decimal Classification       Дорноговь салбар номын сан Дорноговь салбар номын сан Гэрээр олгох 05/03/2022 23000.00  
12/01/2025 27281 9 155 ATNS-GN07778   04/02/2024 12/08/2022 Уран зохиол   Dewey Decimal Classification       Эрдэм шинжилгээний номын сан Эрдэм шинжилгээний номын сан Сурах бичгийн фонд №2 12/08/2022 21000.00 | 2024.01.18 | 2025.01.16
10/23/2023 28379   155 ATNS-M13469     10/23/2023 Уран зохиол   Dewey Decimal Classification       Эрдэм шинжилгээний номын сан Эрдэм шинжилгээний номын сан Үндсэн фонд 10/23/2023 21000.00 2024.06